Emoji Quiz #11 - Statistics

General Stats
  • This quiz has been taken 35 times
  • The average score is 17 of 24
Answer Stats
Hint Answer % Correct
🕷️ {spider}
100%
🕸️ {spider} {web}
93%
🧠 {brain}
87%
👁️ {eye}
87%
🦾 mechanical {arm}
87%
🦿 mechanical {leg}
87%
🛌 person in {bed}
87%
🦷 {tooth}
87%
🦴 {bone}
83%
👄 {mouth}
83%
🛀 person taking {bath}
83%
👅 {tongue}
83%
🧟 {zombie}
83%
🫀 anatomical {heart}
80%
👀 {eyes}
80%
🫦 biting {lip}
77%
🫁 {lungs}
73%
👣 {footprints}
60%
🤺 person {fencing}
60%
🧞 {genie}
57%
⛷️ {skier}
47%
🧌 {troll}
37%
🕴️ person in suit {levitating}
27%
🦠 {microbe}
17%
No matching quizzes found
Score Distribution
Percent of People with Each Score
Percentile by Number Answered
Your Score History
You have not taken this quiz